| 000 | 00899nam a22003257a 4500 | ||
|---|---|---|---|
| 001 | BR2010004796 | ||
| 003 | BR-BrBNA | ||
| 005 | 20240827113052.0 | ||
| 007 | ta | ||
| 008 | 230509b bl.||||| |||| 00| 0 por d | ||
| 040 |
_aBR-BrBNA _bpor _cBiblioteca Nacional de Agricultura |
||
| 041 | _a(Por) | ||
| 072 | _aH01; Q03; L70 | ||
| 090 | _ H01 BR2010004796 | ||
| 110 | 1 |
_aAgência Estadual de Defesa Agropecuária da Bahia, Salvador, BA (Brasil) _984 |
|
| 245 | 1 | _aRelatório de atividades 2003 | |
| 260 | 3 |
_aSalvador, BA (Brasil): _c2003. |
|
| 300 | _a76 p. | ||
| 500 | _a34 tables; 35 illus. | ||
| 650 | _aAGRICULTURA | ||
| 650 | _aPECUÁRIA | ||
| 650 | _aDEFESA VEGETAL | ||
| 650 | _aINSPEÇÃO VEGETAL | ||
| 650 | _aCERTIFICAÇÃO DE PRODUTO | ||
| 650 | _aAFTOSA | ||
| 650 | _aERRADICAÇÃO | ||
| 650 | _aTREINAMENTO | ||
| 909 |
_a202309 _bLucia _c55 _dLucia Elande |
||
| 942 | _cBK | ||
| 999 |
_c74839 _d74839 |
||